<?xml version="1.0" encoding="UTF-8"?>
<record
    xmlns:xsi="http://www.w3.org/2001/XMLSchema-instance"
    xsi:schemaLocation="http://www.loc.gov/MARC21/slim http://www.loc.gov/standards/marcxml/schema/MARC21slim.xsd"
    xmlns="http://www.loc.gov/MARC21/slim">

  <leader>00628nam a22001337a 4500</leader>
  <datafield tag="040" ind1=" " ind2=" ">
    <subfield code="c">RUA </subfield>
  </datafield>
  <datafield tag="082" ind1=" " ind2=" ">
    <subfield code="a">FOR CHO 2013 B141 Or.1</subfield>
  </datafield>
  <datafield tag="100" ind1=" " ind2=" ">
    <subfield code="a">CHOEURM SOPHAI</subfield>
  </datafield>
  <datafield tag="245" ind1=" " ind2=" ">
    <subfield code="a">The study of forestry sector's structure from 1980 until present; &#x1780;&#x17B6;&#x179A;&#x179F;&#x17B7;&#x1780;&#x17D2;&#x179F;&#x17B6;&#x1796;&#x17B8;&#x179A;&#x1785;&#x1793;&#x17B6;&#x179F;&#x1798;&#x17D2;&#x1796;&#x17D0;&#x1793;&#x17D2;&#x1792;&#x179A;&#x1794;&#x179F;&#x17CB;&#x179C;&#x17B7;&#x179F;&#x17D0;&#x1799;&#x1796;&#x17D2;&#x179A;&#x17C3;&#x1788;&#x17BE; &#x1796;&#x17B8;&#x1786;&#x17D2;&#x1793;&#x17C6;&#x17B6;&#x17E1;&#x17E9;&#x17E8;&#x17E0; &#x179A;&#x17A0;&#x17BC;&#x178F;&#x178A;&#x179B;&#x17CB;&#x1794;&#x1785;&#x17D2;&#x1785;&#x17BB;&#x1794;&#x17D2;&#x1794;&#x1793;&#x17D2;&#x1793;.</subfield>
  </datafield>
  <datafield tag="260" ind1=" " ind2=" ">
    <subfield code="a">Phnom Penh </subfield>
    <subfield code="b">RUA </subfield>
    <subfield code="c">2013</subfield>
  </datafield>
  <datafield tag="300" ind1=" " ind2=" ">
    <subfield code="a">xii;55p.</subfield>
    <subfield code="b">ill.</subfield>
    <subfield code="c">29cm.</subfield>
  </datafield>
  <datafield tag="856" ind1=" " ind2=" ">
    <subfield code="u">https://drive.google.com/file/d/1KI2llvNVhu3SKWNPk4_GZ7PvNWb4QrV8/view?usp=sharing</subfield>
  </datafield>
  <datafield tag="942" ind1=" " ind2=" ">
    <subfield code="c">FOR</subfield>
  </datafield>
  <datafield tag="999" ind1=" " ind2=" ">
    <subfield code="c">3444</subfield>
    <subfield code="d">3444</subfield>
  </datafield>
  <datafield tag="952" ind1=" " ind2=" ">
    <subfield code="0">0</subfield>
    <subfield code="1">0</subfield>
    <subfield code="2">ddc</subfield>
    <subfield code="4">0</subfield>
    <subfield code="6">FOR_CHO_2013_000000000000000_B141_OR_1</subfield>
    <subfield code="7">0</subfield>
    <subfield code="9">16452</subfield>
    <subfield code="a">LBB</subfield>
    <subfield code="b">LBB</subfield>
    <subfield code="c">B141</subfield>
    <subfield code="d">2015-11-16</subfield>
    <subfield code="o">FOR CHO 2013 B141 Or.1</subfield>
    <subfield code="p">RUA027153</subfield>
    <subfield code="r">2015-11-16</subfield>
    <subfield code="w">2015-11-16</subfield>
    <subfield code="y">FOR</subfield>
  </datafield>
  <datafield tag="952" ind1=" " ind2=" ">
    <subfield code="0">0</subfield>
    <subfield code="1">0</subfield>
    <subfield code="2">ddc</subfield>
    <subfield code="4">0</subfield>
    <subfield code="6">FOR_CHO_2013_000000000000000_B141_OR_2</subfield>
    <subfield code="7">0</subfield>
    <subfield code="9">16453</subfield>
    <subfield code="a">LBB</subfield>
    <subfield code="b">LBB</subfield>
    <subfield code="c">B141</subfield>
    <subfield code="d">2015-11-16</subfield>
    <subfield code="l">1</subfield>
    <subfield code="o">FOR CHO 2013 B141 Or.2</subfield>
    <subfield code="p">RUA027081</subfield>
    <subfield code="r">2019-07-17</subfield>
    <subfield code="s">2019-07-08</subfield>
    <subfield code="w">2015-11-16</subfield>
    <subfield code="y">FOR</subfield>
  </datafield>
  <datafield tag="952" ind1=" " ind2=" ">
    <subfield code="0">0</subfield>
    <subfield code="1">0</subfield>
    <subfield code="2">ddc</subfield>
    <subfield code="4">0</subfield>
    <subfield code="6">FOR_CHO_2013_000000000000000_B141_OR_3</subfield>
    <subfield code="7">0</subfield>
    <subfield code="9">16454</subfield>
    <subfield code="a">LBB</subfield>
    <subfield code="b">LBB</subfield>
    <subfield code="c">B141</subfield>
    <subfield code="d">2015-11-16</subfield>
    <subfield code="o">FOR CHO 2013 B141 Or.3</subfield>
    <subfield code="p">RUA027209</subfield>
    <subfield code="r">2015-11-16</subfield>
    <subfield code="w">2015-11-16</subfield>
    <subfield code="y">FOR</subfield>
  </datafield>
  <datafield tag="952" ind1=" " ind2=" ">
    <subfield code="0">0</subfield>
    <subfield code="1">0</subfield>
    <subfield code="2">ddc</subfield>
    <subfield code="4">0</subfield>
    <subfield code="6">FOR_CHO_2013_000000000000000_B141_OR_4</subfield>
    <subfield code="7">0</subfield>
    <subfield code="9">16455</subfield>
    <subfield code="a">LBB</subfield>
    <subfield code="b">LBB</subfield>
    <subfield code="c">B141</subfield>
    <subfield code="d">2015-11-16</subfield>
    <subfield code="o">FOR CHO 2013 B141 Or.4</subfield>
    <subfield code="p">RUA027491</subfield>
    <subfield code="r">2015-11-16</subfield>
    <subfield code="w">2015-11-16</subfield>
    <subfield code="y">FOR</subfield>
  </datafield>
  <datafield tag="952" ind1=" " ind2=" ">
    <subfield code="0">0</subfield>
    <subfield code="1">0</subfield>
    <subfield code="2">ddc</subfield>
    <subfield code="4">0</subfield>
    <subfield code="6">FOR_CHO_2013_000000000000000_B141_OR_5</subfield>
    <subfield code="7">0</subfield>
    <subfield code="9">16456</subfield>
    <subfield code="a">LBB</subfield>
    <subfield code="b">LBB</subfield>
    <subfield code="c">B141</subfield>
    <subfield code="d">2015-11-16</subfield>
    <subfield code="l">1</subfield>
    <subfield code="o">FOR CHO 2013 B141 Or.5</subfield>
    <subfield code="p">RUA027419</subfield>
    <subfield code="r">2016-06-13</subfield>
    <subfield code="s">2016-05-26</subfield>
    <subfield code="w">2015-11-16</subfield>
    <subfield code="y">FOR</subfield>
  </datafield>
  <datafield tag="952" ind1=" " ind2=" ">
    <subfield code="0">0</subfield>
    <subfield code="1">0</subfield>
    <subfield code="2">ddc</subfield>
    <subfield code="4">0</subfield>
    <subfield code="6">FOR_CHO_2013_000000000000000_B141_OR_6</subfield>
    <subfield code="7">0</subfield>
    <subfield code="9">16457</subfield>
    <subfield code="a">LBB</subfield>
    <subfield code="b">LBB</subfield>
    <subfield code="c">B141</subfield>
    <subfield code="d">2015-11-16</subfield>
    <subfield code="o">FOR CHO 2013 B141 Or.6</subfield>
    <subfield code="p">RUA027347</subfield>
    <subfield code="r">2015-11-16</subfield>
    <subfield code="w">2015-11-16</subfield>
    <subfield code="y">FOR</subfield>
  </datafield>
  <datafield tag="952" ind1=" " ind2=" ">
    <subfield code="0">0</subfield>
    <subfield code="1">0</subfield>
    <subfield code="2">ddc</subfield>
    <subfield code="4">0</subfield>
    <subfield code="6">FOR_CHO_2013_000000000000000_B141_OR_7</subfield>
    <subfield code="7">0</subfield>
    <subfield code="9">16458</subfield>
    <subfield code="a">LBB</subfield>
    <subfield code="b">LBB</subfield>
    <subfield code="c">B141</subfield>
    <subfield code="d">2015-11-16</subfield>
    <subfield code="l">1</subfield>
    <subfield code="o">FOR CHO 2013 B141 Or.7</subfield>
    <subfield code="p">RUA027348</subfield>
    <subfield code="r">2016-07-06</subfield>
    <subfield code="s">2016-06-29</subfield>
    <subfield code="w">2015-11-16</subfield>
    <subfield code="y">FOR</subfield>
  </datafield>
  <datafield tag="952" ind1=" " ind2=" ">
    <subfield code="0">0</subfield>
    <subfield code="1">0</subfield>
    <subfield code="2">ddc</subfield>
    <subfield code="4">0</subfield>
    <subfield code="6">FOR_CHO_2013_000000000000000_B141_OR_8</subfield>
    <subfield code="7">0</subfield>
    <subfield code="9">16459</subfield>
    <subfield code="a">LBB</subfield>
    <subfield code="b">LBB</subfield>
    <subfield code="c">B141</subfield>
    <subfield code="d">2015-11-16</subfield>
    <subfield code="o">FOR CHO 2013 B141 Or.8</subfield>
    <subfield code="p">RUA027049</subfield>
    <subfield code="r">2015-11-16</subfield>
    <subfield code="w">2015-11-16</subfield>
    <subfield code="y">FOR</subfield>
  </datafield>
</record>
